[Event "NW Regional Scholastic Championships"]
[Site "Chess.com"]
[Date "2020.05.16"]
[Round "?"]
[White "PortlandE"]
[Black "EvenFreshCyclone"]
[Result "0-1"]
[WhiteElo "1200"]
[BlackElo "1200"]
[PlyCount "82"]
[EventDate "2020.??.??"]

1. e4 e5 2. Nf3 Nc6 3. Bc4 d6 4. Ng5 Qxg5 5. d3 Qxg2 6. Na3 Qxh1+ 7. Ke2 Qxd1+
8. Kxd1 Bg4+ 9. Ke1 Nf6 10. Nb5 Rc8 11. Bd5 Nxd5 12. exd5 Nd4 13. Nxd4 exd4 14.
c3 dxc3 15. bxc3 g6 16. Bb2 Bg7 17. d4 O-O 18. Kd2 Rfe8 19. Re1 Rxe1 20. Kxe1
Re8+ 21. Kf1 Be2+ 22. Ke1 Bc4+ 23. Kd1 Bxa2 24. Kc2 Bxd5 25. Kc1 Re1+ 26. Kd2
Rb1 27. Bc1 Rxc1 28. Kxc1 a5 29. Kb2 a4 30. Ka3 b5 31. Kb4 c6 32. Ka3 g5 33.
Kb4 g4 34. Ka3 c5 35. dxc5 dxc5 36. Kb2 h5 37. Kc2 a3 38. Kb1 a2+ 39. Ka1 b4
40. Kb2 bxc3+ 41. Ka1 c2# 0-1

[Event "NW Regional Scholastic Championships"]
[Site "Chess.com"]
[Date "2020.05.16"]
[Round "?"]
[White "witherking12000"]
[Black "PortlandE"]
[Result "1-0"]
[WhiteElo "1200"]
[BlackElo "1200"]
[PlyCount "65"]
[EventDate "2020.??.??"]

1. e4 Nf6 2. e5 Nd5 3. Bc4 Nb6 4. Bb5 c6 5. Bd3 e6 6. Nf3 Bc5 7. Na3 f6 8. Be4
fxe5 9. Nxe5 Qf6 10. d4 Bb4+ 11. c3 Bxa3 12. bxa3 O-O 13. O-O Qh4 14. Bf3 d6
15. Nd3 e5 16. dxe5 dxe5 17. Nxe5 Nc4 18. Qb3 Be6 19. g3 Qh3 20. Bg2 Qf5 21.
Nxc4 Bxc4 22. Qxc4+ Kh8 23. Qb4 Na6 24. Qe7 Nc5 25. Bb2 Rae8 26. Qh4 Nd3 27. g4
Qf4 28. Bc1 Nxc1 29. Raxc1 Re2 30. Rcd1 Rxf2 31. Rxf2 Qxf2+ 32. Qxf2 Rxf2 33.
Rd8+ 1-0

[Event "NW Regional Scholastic Championships"]
[Site "Chess.com"]
[Date "2020.05.16"]
[Round "?"]
[White "PortlandE"]
[Black "namig2012"]
[Result "0-1"]
[WhiteElo "1200"]
[BlackElo "1196"]
[PlyCount "80"]
[EventDate "2020.??.??"]

1. Nf3 d5 2. Nc3 Nf6 3. d4 e6 4. e3 Bb4 5. Bd2 O-O 6. Bd3 b6 7. O-O c5 8. dxc5
bxc5 9. Ne5 c4 10. Ne2 Bxd2 11. Qxd2 cxd3 12. cxd3 Nbd7 13. Nxd7 Bxd7 14. Nd4
e5 15. Ne2 Rc8 16. e4 d4 17. Rac1 Re8 18. Rxc8 Qxc8 19. Rc1 Qa6 20. Rc7 Qxa2
21. Qc2 h6 22. Nc1 Qa1 23. Qd1 Rc8 24. Qc2 Rxc7 25. Qxc7 Qa4 26. Qd8+ Kh7 27.
g3 Qd1+ 28. Kg2 Qxc1 29. b4 Bb5 30. Qe7 Bxd3 31. Qxf7 Qf1+ 32. Kf3 Qe2+ 33. Kg2
Nxe4 34. Qf5+ g6 35. Qf7+ Kh8 36. Qxg6 Qxf2+ 37. Kh3 Ng5+ 38. Kg4 Bxg6 39. Kh4
Qxh2+ 40. Kg4 Qh3# 0-1

[Event "NW Regional Scholastic Championships"]
[Site "Chess.com"]
[Date "2020.05.16"]
[Round "?"]
[White "PortlandE"]
[Black "voldemort567"]
[Result "1-0"]
[WhiteElo "1200"]
[BlackElo "1028"]
[PlyCount "29"]
[EventDate "2020.??.??"]

1. e4 e5 2. Nf3 Nc6 3. Bb5 d6 4. Bxc6+ bxc6 5. O-O Be6 6. d4 exd4 7. Nxd4 Nf6
8. Nxc6 Qd7 9. Nd4 Be7 10. Nxe6 Qxe6 11. Nc3 Nxe4 12. Nb5 Qc4 13. Na3 Qa6 14.
Qf3 Ng5 15. Qxa8+ 1-0

[Event "NW Regional Scholastic Championships"]
[Site "Chess.com"]
[Date "2020.05.16"]
[Round "?"]
[White "hammepare"]
[Black "matthewhan"]
[Result "0-1"]
[WhiteElo "1185"]
[BlackElo "877"]
[PlyCount "118"]
[EventDate "2020.??.??"]

1. b3 d5 2. Bb2 Nc6 3. e3 e5 4. Nf3 Bd6 5. g3 Nf6 6. Bg2 Bg4 7. O-O e4 8. d3
exf3 9. Bxf3 Bxf3 10. Qxf3 Nb4 11. Na3 Nc6 12. Nb5 a6 13. Nxd6+ Qxd6 14. Rae1
Nb4 15. Bxf6 Qxf6 16. Qg4 Nxa2 17. e4 d4 18. e5 Qg6 19. Qxd4 a5 20. Qc4 Qc6 21.
Qg4 Qe6 22. Qxg7 O-O-O 23. f4 Qg6 24. Qxg6 hxg6 25. f5 Nb4 26. fxg6 fxg6 27. e6
Nxc2 28. Re2 Nd4 29. Re5 Rde8 30. Rf6 Nxb3 31. e7 Nd4 32. Rxg6 Nc6 33. Ree6
Nxe7 34. Rg7 Nc6 35. Rxe8+ Rxe8 36. h3 a4 37. Rf7 Re3 38. Rf8+ Kd7 39. Rf7+ Re7
40. Rf3 a3 41. Kg2 Re8 42. Rf1 Re2+ 43. Kf3 Rb2 44. Ra1 a2 45. Ke4 Nb4 46. Kd4
Rb1 47. Rxb1 axb1=Q 48. Kc4 Qg1 49. Kxb4 Qxg3 50. Kb5 Qxh3 51. Kc4 Qg4+ 52. Kc3
Qd1 53. d4 Kd6 54. Kc4 Qd2 55. Kb5 Kd5 56. Ka4 Qxd4+ 57. Ka3 Qb6 58. Ka4 Kc4
59. Ka3 Qb3# 0-1

[Event "NW Regional Scholastic Championships"]
[Site "Chess.com"]
[Date "2020.05.16"]
[Round "?"]
[White "DabbingDude11"]
[Black "hammepare"]
[Result "1-0"]
[WhiteElo "1200"]
[BlackElo "1185"]
[PlyCount "105"]
[EventDate "2020.??.??"]

1. e4 g6 2. d4 Bg7 3. Bc4 e6 4. Nc3 Nc6 5. Nf3 Nf6 6. O-O Ng4 7. h3 Nf6 8. Bf4
O-O 9. Re1 d5 10. exd5 exd5 11. Bb3 Nb4 12. a3 Na6 13. Bg5 Qd6 14. Bxf6 Bxf6
15. Nxd5 c6 16. Nxf6+ Qxf6 17. Qe2 Nc7 18. Qe5 Qd8 19. Qe7 Qd7 20. Qxd7 Bxd7
21. Re7 Rad8 22. Ne5 Be6 23. Rxc7 Bxb3 24. cxb3 f6 25. Nf3 Rfe8 26. Kf1 f5 27.
Rxb7 h5 28. Re1 Rxe1+ 29. Kxe1 Re8+ 30. Kd2 g5 31. Nxg5 Rd8 32. Rg7+ Kxg7 33.
Ne6+ Kg6 34. Nxd8 Kg5 35. Nxc6 f4 36. Nxa7 h4 37. b4 f3 38. gxf3 Kf4 39. Ke2
Kg5 40. b5 Kf4 41. b6 Kf5 42. b7 Ke6 43. b8=Q Kd5 44. Kd3 Ke6 45. Qb5 Kd6 46.
Qc5+ Kd7 47. Qb6 Ke7 48. Qc6 Kd8 49. Qb7 Ke8 50. Ke4 Kf8 51. Kf5 Kg8 52. Kg6
Kh8 53. Qb8# 1-0

[Event "NW Regional Scholastic Championships"]
[Site "Chess.com"]
[Date "2020.05.16"]
[Round "?"]
[White "hammepare"]
[Black "SilasBT"]
[Result "0-1"]
[WhiteElo "1185"]
[BlackElo "1200"]
[PlyCount "44"]
[EventDate "2020.??.??"]

1. e4 e5 2. Nf3 Nc6 3. Nc3 Nf6 4. Bb5 Bb4 5. d3 a6 6. Bxc6 dxc6 7. Bg5 Bxc3+ 8.
bxc3 O-O 9. Nxe5 h6 10. Bxf6 Qxf6 11. Qh5 Re8 12. Ng4 Bxg4 13. Qxg4 Qxc3+ 14.
Ke2 Qxc2+ 15. Ke3 Qc5+ 16. Kf3 h5 17. Qf5 Re5 18. Qd7 Re7 19. Qf5 Qd4 20. Qxh5
Qxd3+ 21. Kf4 Qxe4+ 22. Kg5 Re5# 0-1

[Event "NW Regional Scholastic Championships"]
[Site "Chess.com"]
[Date "2020.05.16"]
[Round "?"]
[White "voldemort567"]
[Black "hammepare"]
[Result "0-1"]
[WhiteElo "1028"]
[BlackElo "1185"]
[PlyCount "41"]
[EventDate "2020.??.??"]

1. d4 g6 2. Be3 Bg7 3. Bf4 e6 4. Nc3 d5 5. Nf3 Ne7 6. e3 O-O 7. Bd3 Nbc6 8. O-O
Bd7 9. h3 f6 10. e4 e5 11. dxe5 fxe5 12. exd5 Nd4 13. Bxe5 Bxe5 14. Nxe5 Bf5
15. Bxf5 Ndxf5 16. Qd2 Nh4 17. Nf3 Rxf3 18. gxf3 Nxf3+ 19. Kg2 Nxd2 20. Rad1
Nxf1 21. Kxf1 0-1

[Event "NW Regional Scholastic Championships"]
[Site "Chess.com"]
[Date "2020.05.16"]
[Round "?"]
[White "I_C_E_man"]
[Black "hammepare"]
[Result "1-0"]
[WhiteElo "1200"]
[BlackElo "1185"]
[PlyCount "85"]
[EventDate "2020.??.??"]

1. g3 e5 2. Bg2 Nf6 3. Nf3 Nc6 4. Ng5 d6 5. c3 Bg4 6. Qb3 Be6 7. Nxe6 fxe6 8.
Qxe6+ Be7 9. d3 d5 10. Bf3 d4 11. Na3 dxc3 12. bxc3 Qb8 13. Bg5 Nd8 14. Qxe5
O-O 15. Nb5 c6 16. Qxb8 Rxb8 17. Nc7 Rc8 18. Bf4 Ne6 19. Nxe6 Rfe8 20. Nc7 Rxc7
21. Bxc7 Rc8 22. Bf4 Nd5 23. Bg4 Nxf4 24. Bxc8 Ng2+ 25. Kd2 Bg5+ 26. e3 Bxe3+
27. fxe3 Nxe3 28. Be6+ Kf8 29. Kxe3 Ke7 30. Rhf1 Kxe6 31. Rae1 c5 32. d4 Kd6
33. dxc5+ Kxc5 34. Rf5+ Kc4 35. Kd2 g6 36. Rf4+ Kd5 37. c4+ Kd6 38. Rd4+ Kc6
39. Re6+ Kc7 40. c5 b6 41. c6 Kb8 42. Rd7 a5 43. Re8# 1-0

[Event "NW Regional Scholastic Championships"]
[Site "Chess.com"]
[Date "2020.05.16"]
[Round "?"]
[White "namig2012"]
[Black "DynamicMadMan"]
[Result "0-1"]
[WhiteElo "1196"]
[BlackElo "1000"]
[PlyCount "54"]
[EventDate "2020.??.??"]

1. d4 Nf6 2. c4 e6 3. Nc3 Bb4 4. Bd2 d5 5. Nf3 Bxc3 6. Bxc3 h6 7. e3 c5 8. cxd5
exd5 9. Bd3 c4 10. Bc2 b5 11. a4 Bd7 12. O-O Nc6 13. axb5 Ne7 14. Ba4 a6 15.
bxa6 Bxa4 16. Rxa4 O-O 17. b3 cxb3 18. Qxb3 Rb8 19. Qa3 Ra8 20. Rb1 Nd7 21. Ba5
Qe8 22. Bb6 Nxb6 23. Rxb6 Qd7 24. Rb7 Rab8 25. Rb2 Qc7 26. a7 Qc1+ 27. Ne1
Qxe1# 0-1

[Event "NW Regional Scholastic Championships"]
[Site "Chess.com"]
[Date "2020.05.16"]
[Round "?"]
[White "DynamicMadMan"]
[Black "Metal_Pineapple"]
[Result "0-1"]
[WhiteElo "1000"]
[BlackElo "1215"]
[PlyCount "52"]
[EventDate "2020.??.??"]

1. d4 d5 2. c4 e6 3. a3 Nf6 4. Nc3 Nc6 5. Nf3 Bd7 6. Bf4 a6 7. e3 Bd6 8. Bxd6
cxd6 9. cxd5 exd5 10. Bd3 O-O 11. e4 dxe4 12. Nxe4 Re8 13. Nfd2 Nxe4 14. Nxe4
f5 15. Bc4+ Kh8 16. O-O fxe4 17. Re1 Na5 18. Bd5 Bc6 19. Bxc6 Nxc6 20. d5 Na7
21. Qg4 Nb5 22. Rxe4 Rxe4 23. Qxe4 Qf8 24. Re1 Nc7 25. Rc1 Re8 26. Qf4 Qxf4 0-1

[Event "NW Regional Scholastic Championships"]
[Site "Chess.com"]
[Date "2020.05.16"]
[Round "?"]
[White "DynamicMadMan"]
[Black "switch64"]
[Result "0-1"]
[WhiteElo "1000"]
[BlackElo "901"]
[PlyCount "62"]
[EventDate "2020.??.??"]

1. d4 Nf6 2. c4 g6 3. Nf3 Bg7 4. Nc3 d6 5. e4 Bg4 6. h3 Bc8 7. Bf4 O-O 8. Bd3
Nbd7 9. e5 Nh5 10. Bg5 dxe5 11. dxe5 Nxe5 12. Nxe5 Bxe5 13. Nd5 Bxb2 14. Rb1
Ba3 15. Qe2 Re8 16. O-O c6 17. Nf4 Nxf4 18. Bxf4 e5 19. Bxe5 Bc5 20. Bc2 f6 21.
Bxf6 Rxe2 22. Bxd8 Rxc2 23. Rfe1 Bxf2+ 24. Kf1 Bxe1 25. Rxe1 Rxa2 26. Re8+ Kg7
27. Re7+ Kh6 28. Re4 Bf5 29. Rh4+ Kg7 30. g4 Rxd8 31. gxf5 Rd1# 0-1

[Event "NW Regional Scholastic Championships"]
[Site "Chess.com"]
[Date "2020.05.16"]
[Round "?"]
[White "DabbingDude11"]
[Black "DynamicMadMan"]
[Result "1-0"]
[WhiteElo "1200"]
[BlackElo "1000"]
[PlyCount "115"]
[EventDate "2020.??.??"]

1. e4 e6 2. d4 d5 3. exd5 exd5 4. Nf3 c5 5. Be3 c4 6. Be2 Nf6 7. O-O Bf5 8. b3
cxb3 9. axb3 Bd6 10. Nc3 Nbd7 11. Bb5 a6 12. Bxd7+ Qxd7 13. Bg5 O-O-O 14. Bxf6
gxf6 15. Nxd5 Qe6 16. Nb6+ Kb8 17. Nc4 Bc7 18. Re1 Qd7 19. Qd2 Rhg8 20. Kh1 Bh3
21. g3 Qd5 22. Re3 Bg4 23. Qd3 h5 24. h4 Bf5 25. Qc3 Rg7 26. Kg1 Bh3 27. Kh2
Qd7 28. Rae1 Bg4 29. Re7 Qc6 30. R1e3 Bxf3 31. Rxf3 b5 32. Nd2 Qxc3 33. Rxc3
Ba5 34. Rd3 Rc8 35. c4 Bxd2 36. Rxd2 bxc4 37. bxc4 Rxc4 38. Rb2+ Kc8 39. Rd2 a5
40. Ra7 a4 41. d5 Rg8 42. Ra8+ Kb7 43. Rxg8 a3 44. d6 a2 45. Rxa2 Rd4 46. Rb2+
Kc6 47. Rc8+ Kd7 48. Rh8 Rd5 49. Rf8 Ke6 50. Re2+ Kxd6 51. Rd8+ Kc6 52. Rc2+
Rc5 53. Rc8+ Kb6 54. R8xc5 f5 55. R5c3 Kb5 56. Rb3+ Ka4 57. Rb8 Ka5 58. Ra2#
1-0

[Event "NW Regional Scholastic Championships"]
[Site "Chess.com"]
[Date "2020.05.16"]
[Round "?"]
[White "witherking12000"]
[Black "DynamicMadMan"]
[Result "0-1"]
[WhiteElo "1200"]
[BlackElo "1000"]
[PlyCount "122"]
[EventDate "2020.??.??"]

1. e4 e6 2. d4 d5 3. Nc3 c5 4. Nf3 Nc6 5. Bb5 a6 6. Bxc6+ bxc6 7. O-O Nf6 8.
Bg5 h6 9. Bh4 g5 10. Bg3 dxe4 11. Be5 Bd6 12. dxc5 Bxe5 13. Nxe5 Qxd1 14. Raxd1
g4 15. Rde1 h5 16. Nxe4 Nxe4 17. Rxe4 Bb7 18. g3 f5 19. Rb4 Bc8 20. Nxc6 a5 21.
Ra4 Bd7 22. Re4 Bxc6 23. Rxe6+ Kd7 24. Rfe1 Rhe8 25. Rd6+ Kc7 26. Red1 Rad8 27.
f4 Rxd6 28. cxd6+ Kd7 29. c4 Re2 30. c5 Rxb2 31. a4 Rc2 32. Rd4 Rxc5 33. Kf2
Rc2+ 34. Ke3 Rc3+ 35. Kd2 Ra3 36. Ke2 Bf3+ 37. Kd2 Ra2+ 38. Ke3 Re2+ 39. Kd3
Rxh2 40. Kc4 Rc2+ 41. Kb5 Rc6 42. Kxa5 Rc5+ 43. Kb6 Rd5 44. a5 Rxd4 45. a6
Rxd6+ 46. Ka5 Rc6 47. Kb5 Rc8 48. Kb6 Rc6+ 49. Kb7 Be2 50. a7 Rc7+ 51. Kb8 Bf3
52. a8=Q Rc8+ 53. Ka7 Rxa8+ 54. Kb6 Kd6 55. Kb5 Rc8 56. Kb4 Kd5 57. Kb3 Kd4 58.
Kb4 Rb8+ 59. Ka3 Kc4 60. Ka2 Kc3 61. Ka1 Kc2 0-1

[Event "NW Regional Scholastic Championships"]
[Site "Chess.com"]
[Date "2020.05.16"]
[Round "?"]
[White "LeoSaloranta90909"]
[Black "Red900"]
[Result "1/2-1/2"]
[WhiteElo "914"]
[BlackElo "958"]
[PlyCount "133"]
[EventDate "2020.??.??"]

1. f4 e6 2. e4 d5 3. e5 c5 4. Nf3 Nc6 5. Bb5 Nge7 6. O-O a6 7. Be2 Nf5 8. c3
Be7 9. d4 Qb6 10. Bd2 cxd4 11. cxd4 Nfxd4 12. Nxd4 Qxd4+ 13. Kh1 O-O 14. Bc3
Qxd1 15. Rxd1 Bd7 16. Na3 Bxa3 17. bxa3 Rfc8 18. Rac1 Ne7 19. Bb4 Rxc1 20. Rxc1
Nf5 21. Bd3 g6 22. Bxf5 gxf5 23. Rc7 Bc6 24. Kg1 Rd8 25. Bd6 Rd7 26. Rxd7 Bxd7
27. Kf1 Bc6 28. g3 Kg7 29. Ke2 h5 30. Kd3 f6 31. Kd4 fxe5+ 32. Bxe5+ Kf7 33. h3
Ke7 34. Kc5 Kd7 35. h4 b5 36. Kb6 Ba8 37. Kxa6 Kc6 38. Ka5 Bb7 39. a4 bxa4 40.
Kxa4 Kc5 41. Kb3 Ba6 42. Kc3 Bc4 43. Bd4+ Kb5 44. a3 Ka4 45. Kb2 Bb3 46. Bc5
Bc4 47. Kc3 Kb5 48. Bb4 Kc6 49. a4 Ba6 50. a5 Bb5 51. Kd4 Kd7 52. Kc5 Be2 53.
Kb6 Bc4 54. a6 Bxa6 55. Kxa6 Kc6 56. Ka5 d4 57. Bd2 Kd5 58. Kb4 Ke4 59. Kc4 d3
60. Kc3 Kf3 61. Kxd3 Kxg3 62. Ke3 Kxh4 63. Be1+ Kg4 64. Bf2 h4 65. Bg1 h3 66.
Bh2 Kh4 67. Kf3 1/2-1/2

[Event "NW Regional Scholastic Championships"]
[Site "Chess.com"]
[Date "2020.05.16"]
[Round "?"]
[White "Himanky"]
[Black "LeoSaloranta90909"]
[Result "0-1"]
[WhiteElo "1155"]
[BlackElo "914"]
[PlyCount "86"]
[EventDate "2020.??.??"]

1. d4 Nf6 2. c3 g6 3. e3 Bg7 4. Nf3 O-O 5. Nbd2 d5 6. g3 Bg4 7. Bg2 e6 8. O-O
Nc6 9. Qc2 Bf5 10. Qd1 Re8 11. a3 Qd6 12. b4 b5 13. Bb2 Ne4 14. Nh4 Nxd2 15.
Qxd2 Bg4 16. Qc2 f5 17. Nf3 e5 18. dxe5 Nxe5 19. Nxe5 Bxe5 20. a4 a6 21. axb5
axb5 22. Rxa8 Rxa8 23. Ra1 Rxa1+ 24. Bxa1 c5 25. bxc5 Qxc5 26. Qa2 Kg7 27. Bxd5
b4 28. cxb4 Qc1+ 29. Kg2 Qxa1 30. Qc4 Kh6 31. Bg8 Qa7 32. e4 Qc7 33. Qd5 Qd6
34. Qf7 Qc7 35. Qd5 Qd6 36. Qc4 Qc7 37. Qe6 Qd6 38. Qc8 Qc7 39. Qf8+ Qg7 40.
Qa8 fxe4 41. Bd5 Bf3+ 42. Kh3 Qd7+ 43. Kh4 Qg4# 0-1

[Event "NW Regional Scholastic Championships"]
[Site "Chess.com"]
[Date "2020.05.16"]
[Round "?"]
[White "PandasAwesome"]
[Black "LeoSaloranta90909"]
[Result "1-0"]
[WhiteElo "1085"]
[BlackElo "914"]
[PlyCount "109"]
[EventDate "2020.??.??"]

1. e4 c5 2. Nf3 d6 3. c3 e5 4. Bb5+ Nc6 5. O-O Be7 6. d4 cxd4 7. cxd4 Bd7 8.
dxe5 Nxe5 9. Bxd7+ Qxd7 10. Nxe5 dxe5 11. Qxd7+ Kxd7 12. Be3 Nf6 13. Nc3 Rhd8
14. f4 exf4 15. Bxf4 Ke8 16. g3 Bd6 17. e5 Ne4 18. Nxe4 Bb4 19. Rad1 Rxd1 20.
Rxd1 Rd8 21. Nd6+ Bxd6 22. Rxd6 Rxd6 23. exd6 Kd7 24. Kf2 f6 25. h4 h6 26. Kf3
g5 27. hxg5 hxg5 28. Be3 Kxd6 29. Bxa7 b5 30. Kg4 Ke6 31. b4 Ke5 32. Bb8+ Ke6
33. a3 Kf7 34. Kf5 Kg7 35. Ba7 Kf7 36. Bd4 Ke8 37. Bxf6 Kf7 38. Bxg5 Kg8 39. g4
Kf7 40. Ke5 Kg6 41. Kd5 Kxg5 42. Kc5 Kxg4 43. Kxb5 Kg5 44. Kc6 Kf6 45. b5 Kf5
46. b6 Kg4 47. b7 Kh3 48. b8=Q Kh4 49. Qg8 Kh3 50. Qg5 Kh2 51. Qg4 Kh1 52. Kd5
Kh2 53. Ke4 Kh1 54. Kf3 Kh2 55. Qg2# 1-0

[Event "NW Regional Scholastic Championships"]
[Site "Chess.com"]
[Date "2020.05.16"]
[Round "?"]
[White "LeoSaloranta90909"]
[Black "routraydinesh"]
[Result "1/2-1/2"]
[WhiteElo "914"]
[BlackElo "1376"]
[PlyCount "116"]
[EventDate "2020.??.??"]

1. d4 c5 2. d5 e6 3. e4 Nf6 4. Nc3 Nxd5 5. Nxd5 exd5 6. exd5 b6 7. Nf3 Bb7 8.
c4 d6 9. Bg5 Be7 10. Bxe7 Qxe7+ 11. Qe2 Qxe2+ 12. Bxe2 O-O 13. O-O Re8 14. Rfe1
Nd7 15. Bd3 Nf6 16. Rxe8+ Rxe8 17. Re1 Rxe1+ 18. Nxe1 Kf8 19. Kf1 Ke7 20. Nf3
Kd7 21. Ke2 Kc7 22. h3 a6 23. a4 h6 24. g4 Bc8 25. Bf5 Bxf5 26. gxf5 g6 27.
fxg6 fxg6 28. Ke3 b5 29. axb5 axb5 30. cxb5 Nxd5+ 31. Ke4 Nb4 32. b3 Kb6 33.
Kf4 Kxb5 34. Nd2 Nd3+ 35. Ke3 Ne5 36. f4 Nc6 37. Ke4 h5 38. Kd5 Nd4 39. Kxd6
Kb4 40. Kd5 Ne2 41. Ke4 Nd4 42. Kd5 Nxb3 43. Nxb3 c4 44. Nd4 c3 45. Ke4 Kc4 46.
Ke3 Kc5 47. Kd3 Kb4 48. f5 gxf5 49. Nxf5 Kb3 50. Nd4+ Kb4 51. Kc2 Kc4 52. Ne2
Kd5 53. Nf4+ Ke4 54. Nxh5 Kf5 55. Kxc3 Kg5 56. Nf4 Kxf4 57. h4 Kg4 58. h5 Kxh5
1/2-1/2

[Event "NW Regional Scholastic Championships"]
[Site "Chess.com"]
[Date "2020.05.16"]
[Round "?"]
[White "namig2012"]
[Black "LeoSaloranta90909"]
[Result "1-0"]
[WhiteElo "1196"]
[BlackElo "914"]
[PlyCount "49"]
[EventDate "2020.??.??"]

1. d4 Nf6 2. c4 d5 3. cxd5 Nxd5 4. e4 Nb6 5. Nf3 g6 6. Nc3 Bg7 7. Be3 O-O 8.
Bd3 Re8 9. O-O f6 10. Qc2 e5 11. d5 c6 12. dxc6 Nxc6 13. Rad1 Be6 14. Bb5 Qe7
15. Nd5 Nxd5 16. exd5 a6 17. Ba4 Bd7 18. dxc6 Bxc6 19. Bxc6 bxc6 20. Qxc6 Red8
21. Bb6 Rxd1 22. Qxa8+ Kf7 23. Rxd1 f5 24. Qxa6 e4 25. Qc8 1-0

[Event "NW Regional Scholastic Championships"]
[Site "Chess.com"]
[Date "2020.05.16"]
[Round "?"]
[White "OWSchess"]
[Black "ProffesorPawny"]
[Result "1-0"]
[WhiteElo "1242"]
[BlackElo "800"]
[PlyCount "93"]
[EventDate "2020.??.??"]

1. e4 e5 2. Nf3 Nc6 3. Nc3 d6 4. Bb5 Bg4 5. h3 Bxf3 6. Qxf3 a6 7. Bc4 Nh6 8. d3
f6 9. Bxh6 Nd4 10. Qg4 gxh6 11. Qh5+ Kd7 12. Qg4+ Ke8 13. O-O b5 14. Bd5 Rb8
15. Qh5+ Kd7 16. Nxb5 axb5 17. c3 c6 18. Bf7 Qe7 19. cxd4 exd4 20. a4 Rb7 21.
axb5 cxb5 22. Ra8 Bg7 23. Qf5+ Kc7 24. Rc1+ Kb6 25. Rxh8 Bxh8 26. Bd5 Rc7 27.
Rb1 Qe5 28. Qf3 Bg7 29. Qd1 h5 30. Qb3 Qg5 31. Bc4 Rb7 32. Ra1 Bf8 33. Qb4 Rg7
34. Qa5+ Kc6 35. Qa6+ Kd7 36. Qa7+ Kc8 37. Qa8+ Kc7 38. Qa7+ Kc8 39. Be6+ Kd8
40. Qb8+ Ke7 41. Ra7+ Kxe6 42. Qe8+ Be7 43. Qc8+ Kf7 44. g3 Rg8 45. Qd7 h4 46.
Qxe7+ Kg6 47. Qxh7# 1-0

[Event "NW Regional Scholastic Championships"]
[Site "Chess.com"]
[Date "2020.05.16"]
[Round "?"]
[White "sillymili"]
[Black "ProffesorPawny"]
[Result "0-1"]
[WhiteElo "986"]
[BlackElo "800"]
[PlyCount "58"]
[EventDate "2020.??.??"]

1. e4 e5 2. Nc3 Nc6 3. Bb5 Nf6 4. Bxc6 bxc6 5. Nf3 d6 6. d3 d5 7. exd5 cxd5 8.
Nxe5 Be6 9. Bg5 Be7 10. Bxf6 Bxf6 11. d4 O-O 12. Nc6 Qd6 13. Na5 Qb4 14. Nc6
Qb6 15. Nxa7 Qxa7 16. Nb5 Qb6 17. a4 Bd7 18. Nc3 Bxd4 19. Nxd5 Qd6 20. c4 Rfe8+
21. Kf1 Bc6 22. Qxd4 Bb7 23. Rd1 c5 24. Qc3 Rxa4 25. b3 Ra3 26. Rd3 Qe6 27. Rd1
Qe2+ 28. Kg1 Ra2 29. g3 Qxf2# 0-1

[Event "NW Regional Scholastic Championships"]
[Site "Chess.com"]
[Date "2020.05.16"]
[Round "?"]
[White "ProffesorPawny"]
[Black "samsamkozaczuk"]
[Result "1-0"]
[WhiteElo "800"]
[BlackElo "816"]
[PlyCount "39"]
[EventDate "2020.??.??"]

1. e4 e5 2. Bc4 Nf6 3. Nh3 Nxe4 4. Qf3 Ng5 5. Nxg5 Qxg5 6. d4 f6 7. Bxg5 Bb4+
8. c3 Bd6 9. Nd2 exd4 10. cxd4 Bb4 11. O-O Bxd2 12. Bxd2 Nc6 13. Qd5 Rf8 14.
Rae1+ Kd8 15. h3 Ne7 16. Rxe7 Kxe7 17. Bb4+ d6 18. Re1+ Kd7 19. Qe6+ Kd8 20.
Qe7# 1-0

[Event "NW Regional Scholastic Championships"]
[Site "Chess.com"]
[Date "2020.05.16"]
[Round "?"]
[White "JimBobBRK"]
[Black "ProffesorPawny"]
[Result "1/2-1/2"]
[WhiteElo "892"]
[BlackElo "800"]
[PlyCount "103"]
[EventDate "2020.??.??"]

1. e4 e5 2. Nf3 Nc6 3. Nc3 Nf6 4. d3 Bb4 5. Bd2 Bxc3 6. Bxc3 d6 7. d4 d5 8.
exd5 Nxd5 9. Bc4 Bg4 10. h3 Bxf3 11. Qxf3 Nce7 12. dxe5 h6 13. O-O-O c6 14.
Rhe1 Ng6 15. Bxd5 cxd5 16. Rxd5 Qe7 17. a3 Nh4 18. Qf4 Nxg2 19. Qf5 Nxe1 20.
Bb4 Qg5+ 21. Qxg5 hxg5 22. Bxe1 O-O 23. b4 Rad8 24. Ra5 a6 25. b5 Rd5 26. Bb4
Rc8 27. Kb2 Rxe5 28. a4 axb5 29. axb5 f5 30. Bd6 Rd5 31. Bh2 Rcc5 32. Kb3 Rxb5+
33. Rxb5 Rxb5+ 34. Kc4 Ra5 35. Kb4 Ra8 36. c4 Rc8 37. Kb5 Re8 38. c5 Re6 39.
Kc4 g4 40. hxg4 fxg4 41. Kd5 Rh6 42. Bf4 Rg6 43. Bb8 b5 44. c6 Rf6 45. Ba7 b4
46. c7 Rf8 47. Kc4 Kf7 48. Kxb4 Ke7 49. Kc5 Kd7 50. Kb6 Rc8 51. Bb8 g6 52. Kb7
1/2-1/2

[Event "NW Regional Scholastic Championships"]
[Site "Chess.com"]
[Date "2020.05.16"]
[Round "?"]
[White "ProffesorPawny"]
[Black "goPAC_8"]
[Result "0-1"]
[WhiteElo "800"]
[BlackElo "882"]
[PlyCount "46"]
[EventDate "2020.??.??"]

1. e4 e5 2. Nc3 Bc5 3. Bc4 Qf6 4. Nh3 d6 5. f3 Bxh3 6. Rf1 Bxg2 7. Nd5 Qh4+ 8.
Ke2 Bxf1+ 9. Qxf1 Qxh2+ 10. Kd1 Na6 11. Bxa6 bxa6 12. Nxc7+ Kd8 13. Nxa8 Kc8
14. Qxa6+ Kd7 15. Qb5+ Ke6 16. Nc7+ Kf6 17. Nd5+ Kg5 18. d4+ Kh4 19. dxc5 dxc5
20. Ne3 Qf2 21. Nf1 Nf6 22. Bd2 Rd8 23. Qa5 Qxf1# 0-1

[Event "NW Regional Scholastic Championships"]
[Site "Chess.com"]
[Date "2020.05.16"]
[Round "?"]
[White "KingDavid050108"]
[Black "PriestyPants"]
[Result "0-1"]
[WhiteElo "1200"]
[BlackElo "1165"]
[PlyCount "92"]
[EventDate "2020.??.??"]

1. e4 e5 2. Bc4 Nf6 3. Nf3 Nxe4 4. Nxe5 Qe7 5. Qh5 g6 6. Qd1 Qxe5 7. Qf3 Ng5+
8. Qe3 Qxe3+ 9. dxe3 Bg7 10. f4 Ne6 11. Bxe6 dxe6 12. Ke2 Nc6 13. Rd1 O-O 14.
b3 Bxa1 15. Ba3 Rd8 16. Rc1 Bg7 17. Nd2 Bc3 18. Ne4 Bb4 19. Bxb4 Nxb4 20. Rd1
Rxd1 21. Kxd1 Nxa2 22. Nf6+ Kh8 23. e4 Nc3+ 24. Kd2 Kg7 25. e5 Nd5 26. Ne8+ Kf8
27. Nf6 Nxf6 28. exf6 b6 29. g4 e5 30. fxe5 Bxg4 31. h4 Rd8+ 32. Ke3 Bd1 33.
Kf4 Bxc2 34. Kg5 Bxb3 35. Kh6 Kg8 36. h5 gxh5 37. Kxh5 a5 38. Kh6 a4 39. Kg5 a3
40. Kf5 a2 41. e6 a1=Q 42. exf7+ Kxf7 43. Kg5 Qf1 44. Kh6 Qg1 45. Kxh7 Bc2+ 46.
Kh6 Rh8# 0-1

[Event "NW Regional Scholastic Championships"]
[Site "Chess.com"]
[Date "2020.05.16"]
[Round "?"]
[White "Novaprime12"]
[Black "KingDavid050108"]
[Result "1-0"]
[WhiteElo "900"]
[BlackElo "1200"]
[PlyCount "101"]
[EventDate "2020.??.??"]

1. e4 d5 2. Nc3 dxe4 3. Nxe4 Bf5 4. Nc3 e6 5. Nf3 Bb4 6. Bc4 Bxc3 7. dxc3 Qxd1+
8. Kxd1 Nc6 9. Ke2 Na5 10. Bb3 Nxb3 11. cxb3 Be4 12. Bf4 Rd8 13. Rhd1 Rd5 14.
Rxd5 exd5 15. Kf1 Bd3+ 16. Kg1 Nf6 17. Re1+ Kd8 18. Ne5 Re8 19. Nxd3 Rf8 20. h3
Nh5 21. Bg5+ f6 22. Bh4 g5 23. Bg3 Nxg3 24. fxg3 f5 25. Nb4 f4 26. gxf4 gxf4
27. Nxd5 Rg8 28. Nxf4 Rf8 29. Ne6+ Ke8 30. Nxf8+ Kxf8 31. Kf2 c5 32. Kf3 b5 33.
Kf4 a5 34. Kf5 c4 35. bxc4 bxc4 36. Kf6 a4 37. Rd1 Ke8 38. Rd6 h5 39. Ke6 Kf8
40. a3 h4 41. Kf6 Ke8 42. Ke6 Kf8 43. Rd7 Ke8 44. Kd6 Kf8 45. Re7 Kg8 46. Ke6
Kf8 47. Kf6 Kg8 48. Rf7 Kh8 49. Kg6 Kg8 50. Rf3 Kh8 51. Rf8# 1-0

[Event "NW Regional Scholastic Championships"]
[Site "Chess.com"]
[Date "2020.05.16"]
[Round "?"]
[White "KingDavid050108"]
[Black "AssortedString"]
[Result "0-1"]
[WhiteElo "1200"]
[BlackElo "1200"]
[PlyCount "56"]
[EventDate "2020.??.??"]

1. e3 e5 2. Bc4 Nf6 3. a3 d5 4. Ba2 Nc6 5. c3 Bg4 6. Qb3 Bc5 7. e4 Nxe4 8. Nf3
Bxf3 9. gxf3 Nf6 10. c4 Na5 11. Qb5+ Nc6 12. Qxc5 dxc4 13. Qxc4 O-O 14. h4 Qd6
15. h5 h6 16. Bb3 Rad8 17. Bc2 Nd4 18. Qd3 Nxc2+ 19. Qxc2 Rd7 20. d3 Rfd8 21.
d4 Qxd4 22. Bd2 e4 23. fxe4 Nxe4 24. Rh4 f5 25. f3 Qf2+ 26. Kd1 Rxd2+ 27. Nxd2
Rxd2+ 28. Qxd2 Qxd2# 0-1